000 02829nam a22003977a 4500
005 20090119143636.0
008 090119t xxu||||| |||| 00| 1 eng d
010 _aB-345383-391
020 _a9788170110682
020 _a8170110688
_c20.00
035 _aB-345383-391
035 _aB-357749
037 _bTarun Books
040 _adpl
_bEnglish
082 _aS
100 _aFuller, Lois Hamilton
110 _aillustrated by Anil Vyas
245 _aLittle tiger big tiger /
_cby Lois Hamilton Fuller; illustrated by Anil Vyas
_hEnglish
260 _aNew Delhi
_bChildren's Book Trust
_c2007 (repr.)
270 _aNehru House, 4 Bahadur Shah Zafar Marg
_bNew Delhi
_e110002
_k23316970-74
_l23721090
_mcbtnd@vsnl.com
300 _a24p.:
_c18cm. (pbk)
_bill.
700 _aVyas, Anil
942 _2ddc
_cCH
_hS
_mFUL
999 _c21543
_d21543